Az osztrák magánjog szabályainak gyűjteménye [könyvismertetés]
Elmentve itt :
| Dokumentumtípus: | Cikk |
|---|---|
| Megjelent: |
1931
|
| Sorozat: | Polgári jog : a hazai és külföldi magánjog és hiteljog szemléje
7 |
| Kulcsszavak: | Magánjog osztrák könyvismertetés |
| Online Access: | http://misc.bibl.u-szeged.hu/15061 |
| LEADER | 00605nab a2200157 i 4500 | ||
|---|---|---|---|
| 001 | misc15061 | ||
| 005 | 20191106142521.0 | ||
| 008 | 170607s1931 hu o 0|| hun d | ||
| 040 | |a SZTE Miscellanea Repozitórium |b hun | ||
| 041 | |a hun | ||
| 245 | 0 | 3 | |a Az osztrák magánjog szabályainak gyűjteménye |h [elektronikus dokumentum] : |b [könyvismertetés] |
| 260 | |c 1931 | ||
| 300 | |a 146a | ||
| 490 | 0 | |a Polgári jog : a hazai és külföldi magánjog és hiteljog szemléje |v 7 | |
| 695 | |a Magánjog osztrák könyvismertetés | ||
| 856 | 4 | 0 | |u http://misc.bibl.u-szeged.hu/15061/1/polgari_jog_1931_146a.pdf |z Dokumentum-elérés |